| 000 | 00541nam a2200193Ia 4500 | ||
|---|---|---|---|
| 003 | LDD | ||
| 008 | 181029s9999 xx 000 0 und d | ||
| 020 |
_a763736201 _c _59.95 |
||
| 040 | _cLDD | ||
| 100 | _aTavani, Herman T. | ||
| 245 | 0 |
_aEthics, Computing, and Genomics _cHerman T. Tavani |
|
| 260 |
_aLondon _bJoness and Bartlett Publishers _c2006 |
||
| 300 | _axviii, 356 | ||
| 365 |
_b _59.95 |
||
| 901 |
_a3911 _b30-03-2007 |
||
| 902 |
_a9311 _b30-03-2007 _cF _dOP _e4 |
||
| 903 |
_aDiscount-10 _bReqst by : Manohar Lal |
||
| 942 |
_2ddc _cBK |
||
| 999 |
_c79027 _d79027 |
||